| 000 | nam a22 a 4500 | ||
|---|---|---|---|
| 999 |
_c1145 _d1145 |
||
| 003 | AKMAL | ||
| 005 | 20170508143142.0 | ||
| 008 | 170508s1994 my a00 may d | ||
| 020 |
_a9830420108 (kkt.): _cRM 12.20 |
||
| 040 |
_aAKMAL _cAKMAL |
||
| 049 | _amal | ||
| 082 | 0 | 4 | _a297.44 TAN |
| 090 |
_a297.44 _bTAN |
||
| 090 | 2 | 0 |
_a297.44 _bTAN |
| 245 | 0 | 0 | _aTanggungjawab ibu bapa dan anak menurut Al Quran dan sunnah |
| 260 |
_aKuala Lumpur : _bBahagian Hal Ehwal Islam, Jabatan Perdana Menteri, _c1994 |
||
| 300 |
_ax, [273]ms. ; _c21cm |
||
| 650 |
_aParent and child _xReligious aspects _xIslam _92342 |
||
| 650 |
_aFamilies _xReligious life _92189 |
||
| 650 |
_aMarriage _xReligious aspects _xIslam _91960 |
||
| 942 |
_2ddc _cBOOK |
||